000 00764nam a22002177a 4500
005 20231125125311.0
008 231125b ||||| |||| 00| 0 eng d
040 _cAL
041 _aEnglish
082 _223
_a305.30954
_bNAYM
100 _aKishori Nayak K
_9143464
245 _aMainstreaming Gender in the Curriculum: : Proceedings of a National Workshop Organised During March 22-24, 2007
260 _aMangalagangothri
_bPrasaranga Mangalore University
_c2010
300 _a140 p.
_bPB
_c21x13.5 cm.
365 _a063-065
_b₹25.00
_c
_d₹50.00
_e50%
_f23-11-2023
650 _aWomens Studies Study and Teaching
_9143465
650 _aIndia
_9143466
650 _aCurriculum planning
_9143467
700 _aNAYAK (Kishori K)
_9143468
942 _2ddc
_cBK
999 _c229313
_d229313